000 00480nam a2200181Ia 4500
008 151202s9999||||xx |||||||||||||| ||und||
082 _bPNVM-23085
100 _aBUNLING (G.R.).
245 _aHIDDEN FACE OF FREE ENLERPRISE.
260 _b"M.HILL BOOKS,LONDON."
260 _c1964
300 _a248
600 _aBUNLING (G.R.).
630 _aHIDDEN FACE OF FREE ENLERPRISE.
700 _aBUNLING (G.R.).
730 _aHIDDEN FACE OF FREE ENLERPRISE.
942 _cBOOK
999 _c1289060
_d1289057